| 000 | 00686nam a2200229 i 4500 | ||
|---|---|---|---|
| 001 | 10469 | ||
| 003 | ES-MaACL | ||
| 005 | 20240408151754.0 | ||
| 008 | 950628s1991 mx ||||1| spa d | ||
| 020 | _a968-16-3527-2 | ||
| 080 | _a84(Rimbaud,A.):929 | ||
| 100 | 1 |
_aBorer, Alain. _930438 |
|
| 245 | 1 | 0 |
_aRimbaud en Abisinia / _cAlain Borer. |
| 250 | _a1ª ed. | ||
| 260 |
_aMéxico : _bFondo de Cultura Económica, _c1991. |
||
| 300 |
_a289 p. ; _c21 cm. |
||
| 490 | 1 | _aLengua y estudios literarios | |
| 600 | 1 | 4 |
_aRimbaud, Arthur, _d1854-1891 _997237 |
| 830 | 1 |
_aLengua y estudios literarios _9179471 |
|
| 852 |
_aES-MaACL _jL-17899 |
||
| 999 |
_c10469 _d10469 |
||